Centro de Artes Visuales/Museo del Barro (Record no. 209)

MARC details
000 -LEADER
campo de control de longitud fija 00409 a2200121 4500
082 ## - NÚMERO DE LA CLASIFICACIÓN DECIMAL DEWEY
Número de clasificación 708
Número de ítem M968c
110 ## - ENTRADA PRINCIPAL--NOMBRE DE ENTIDAD CORPORATIVA
Nombre de entidad corporativa o nombre de jurisdicción como elemento de entrada Centro de Artes Visuales/Museo del Barro
9 (RLIN) 971
245 ## - MENCIÓN DEL TÍTULO
Título Centro de Artes Visuales/Museo del Barro
260 ## - PUBLICACIÓN, DISTRIBUCIÓN, ETC.
Lugar de publicación, distribución, etc. Paraguay
Nombre del editor, distribuidor, etc. Imprenta Arte Nuevo
Fecha de publicación, distribución, etc. 1998
300 ## - DESCRIPCIÓN FÍSICA
Extensión 40 p
Otras características físicas ill (col)
Dimensiones 30 cm
650 ## - PUNTO DE ACCESO ADICIONAL DE MATERIA--TÉRMINO DE MATERIA
Término de materia o nombre geográfico como elemento de entrada arte popular
Subdivisión general arte-catalogo
Subdivisión geográfica Paraguay
9 (RLIN) 972
710 ## - ENTRADA AGREGADA--NOMBRE DE ENTIDAD CORPORATIVA
Nombre de entidad corporativa o nombre de jurisdicción como elemento de entrada Centro de Artes Visuales/Museo del Barro
9 (RLIN) 973
Holdings
Estatus retirado Estado de pérdida Fuente del sistema de clasificación o colocación Estado de daño No para préstamo Biblioteca de origen Biblioteca actual Ubicación en estantería Fecha de adquisición Total de préstamos Signatura topográfica completa Código de barras Visto por última vez Precio de reemplazo Tipo de ítem Koha
    Clasificación Decimal Dewey     Biblioteca LadoV Biblioteca LadoV   06/06/2014   708 M968c 000206 06/06/2014 06/06/2014 Material 01